00718nam a2200217Ia 4500003000400000005001700004008004100021020002900062040001700091082002000108100002400128245013500152250001200287260003000299300001700329650002300346650004300369650003800412650003100450700001900481IIN20240104161614.0231217s9999 xx 000 0 und d cRs.580.00a9788131243749 aIINbEnglish a610.73071 bSHA1 a Sharma , Suresh K.1 aCommunication and Educational Technology Contemporary Pedagogybfor Health Care Professionals /cSuresh K. Sharma and Reena Sharma a 2nd ed bElsevieraNew Delhic2016 axvii, 456 p.1 aEducationvNursing1 aCommunication and EducationalvNursing1 aCommunicationvStudy and teaching1 aCommunication vTechnology1 a Sharma, Reena